El alma del rostro

Guardat en:
Dades bibliogràfiques
Autor principal: Pericoli, Tullio (Autor)
Format: Llibre
Idioma:espanyol
Publicat: Madrid Ediciones Siruela 2006
Edició:1a. ed
Col·lecció:Biblioteca de Ensayo. Serie Menor, 35
Matèries:
Etiquetes: Afegir etiqueta
Sense etiquetes, Sigues el primer a etiquetar aquest registre!

MARC

LEADER 00000cam a2200000 a 4500
001 UCD8914
003 CL-VaPUC
008 170527e20060000sp |||||||||||||||||spa|d
020 |a 9788498410013 
020 |a 8498410010 
082 0 4 |a 750  |b PER  |2 21 
100 0 |a Pericoli, Tullio  |e author  |9 592494 
245 1 3 |a El alma del rostro 
250 |a 1a. ed 
300 |a 71 p 
942 |c BK 
945 |d 20170527 00:32:00  |a arojas 
260 |a Madrid  |b Ediciones Siruela  |c 2006 
650 0 |a Relatos  |9 369412 
650 0 |a Retratos  |9 313437 
650 0 |a Crítica e interpretación   |9 255042 
583 |a last modification  |c 20170527 00:32:00  |k Rodrigo Vera 
490 0 |a Biblioteca de Ensayo. Serie Menor, 35 
999 |c 368220  |d 368218 
952 |0 0  |1 0  |3 erb  |4 0  |6 750_000000000000000_PER_2006  |7 0  |8 A  |9 483493  |a BIBART  |b BIBART  |i 5378036  |l 5  |o 750 PER 2006  |p 5378036  |r 2025-03-13  |s 2022-04-12  |w 2019-11-24  |y BK  |z Catalogado en:20170527  |k ART